|
|
|
|
| LEADER |
00952nam a2200301 4500 |
| 001 |
000004083 |
| 003 |
212 |
| 005 |
20121211001247.0 |
| 008 |
110714s1982 viesd |
| 020 |
|
|
|c 16000
|
| 041 |
0 |
|
|a vie
|
| 082 |
|
|
|a 895.9221
|b NG-T
|
| 245 |
1 |
0 |
|a Kỷ niệm 600 năm sinh Nguyễn Trãi
|
| 260 |
|
|
|a H.
|b Khoa học xã hội
|c 1982
|
| 300 |
|
|
|a 370 tr.
|c 20 cm.
|
| 653 |
|
|
|a Nguyễn Trãi, (1380-1442)
|
| 653 |
|
|
|a Văn học Việt Nam
|
| 910 |
|
|
|a Thi
|d 14/7/2011
|
| OWN |
|
|
|a LSP
|
| AVA |
|
|
|a UDN50
|b LSP
|d 895.9221 NG-T
|e available
|t Error 5001 Not defined in file expand_doc_bib_avail.
|f 2
|g 1
|h N
|i 0
|k 1
|
| 999 |
|
|
|a From the UDN01
|
| AVA |
|
|
|a UDN50
|b LSP
|d 895.9221 NG-T
|e available
|t Error 5001 Not defined in file expand_doc_bib_avail.
|f 2
|g 1
|h N
|i 0
|k 1
|
| TYP |
|
|
|a Monograph
|
| TYP |
|
|
|a Printed language
|
| 980 |
|
|
|a Mạng thư viện Đại học Đà Nẵng
|